| 000 | 00793nam a22002297a 4500 | ||
|---|---|---|---|
| 005 | 20180313115313.0 | ||
| 010 | _aB-663851 | ||
| 020 |
_a9789351434900 _c995.00 |
||
| 035 | _aB-663851 | ||
| 037 | _bBookwell | ||
| 082 | _a345.54 | ||
| 100 | _aGaur, K.D. | ||
| 245 |
_aCriminal law : _bcases & materials / _cby K.D. Gaur |
||
| 250 | _a10th ed | ||
| 260 |
_aGurgaon _bLexisNexis _c2017 |
||
| 270 |
_a14th Floor, Building No.10, Tower-B, DLF Cyber City, Phase-II _bGurgaon _e122002 |
||
| 300 |
_alxiv,1056p. _c25cm(Hb) |
||
| 500 | _aIncludes index | ||
| 760 | _b4th ed | ||
| 942 |
_2ddc _cEN _mGAU _h345.54 |
||
| 999 |
_c150220 _d150220 |
||